Thermodynamics in materials science / (Record no. 6547)

MARC details
000 -LEADER
fixed length control field 00884nac a22002411u 4500
010 ## - LIBRARY OF CONGRESS CONTROL NUMBER
LC control number 92040109
020 ## - INTERNATIONAL STANDARD BOOK NUMBER
International Standard Book Number 0070163138 :
082 00 - DEWEY DECIMAL CLASSIFICATION NUMBER
Classification number 620.11296
Item number DEH
090 ## - LOCALLY ASSIGNED LC-TYPE CALL NUMBER (OCLC); LOCAL CALL NUMBER (OCLC)
-- 6547
-- 6547
100 ## - MAIN ENTRY--PERSONAL NAME
Personal name DeHoff, Robert T.
245 10 - TITLE STATEMENT
Title Thermodynamics in materials science /
Statement of responsibility, etc Robert T. DeHoff.
260 ## - PUBLICATION, DISTRIBUTION, ETC. (IMPRINT)
Place of publication, distribution, etc New York :
Name of publisher, distributor, etc McGraw-Hill,c1993.
Date of publication, distribution, etc c1993.
300 ## - PHYSICAL DESCRIPTION
Extent xv, 532 p. :
Other physical details ill. ;
Dimensions 24 cm.
440 #0 -
-- McGraw-Hill series in materials science and engineering
500 ## - GENERAL NOTE
General note Includes index.
500 ## - GENERAL NOTE
General note Distributer: Al-Ahram.
511 ## - PARTICIPANT OR PERFORMER NOTE
Participant or performer note Catalogued By: Mahitab.
650 #0 - SUBJECT ADDED ENTRY--TOPICAL TERM
Topical term or geographic name as entry element Materials science.
650 #0 - SUBJECT ADDED ENTRY--TOPICAL TERM
Topical term or geographic name as entry element Thermodynamics.
856 42 - ELECTRONIC LOCATION AND ACCESS
Materials specified Publisher description
Uniform Resource Identifier <a href="http://www.loc.gov/catdir/description/mh022/92040109.html">http://www.loc.gov/catdir/description/mh022/92040109.html</a>
856 42 - ELECTRONIC LOCATION AND ACCESS
Materials specified Table of contents
Uniform Resource Identifier <a href="http://www.loc.gov/catdir/toc/mh021/92040109.html">http://www.loc.gov/catdir/toc/mh021/92040109.html</a>
942 ## - ADDED ENTRY ELEMENTS (KOHA)
Item type Book - Borrowing
Call number prefix 620.11296DEH
Holdings
Withdrawn status Item status Damaged status Not for loan Home library Current library Shelving location Date acquired Source of acquisition Total Checkouts Total Renewals Full call number Barcode Date last seen Date last borrowed Koha item type
        Central Library Central Library First floor 26/11/2007 Purchase 1 2 620.11296DEH 000008046 22/10/2025 28/05/2014 Book - Borrowing